000 00260nam a2200097Ia 4500
001 643310
005 20250826153543.0
008 250824s9999 xx 000 0 und d
245 0 _aPARADOKYA ADALET YILDIZI VE KAYIP PUSULA
_cCEM GÜLBENT
260 _bGENÇ TİMAŞ
999 _c643310
_d643310